Normal view
MARC view
Entry Corporate Name
001 - CONTROL NUMBER
- control field: 1503003
003 - CONTROL NUMBER IDENTIFIER
- control field: NLI
005 - DATE AND TIME OF LATEST TRANSACTION
- control field: 20240409150313.0
008 - FIXED-LENGTH DATA ELEMENTS
- fixed length control field: 240409|| aca||aabn | a|a d
040 ## - CATALOGING SOURCE
- Original cataloging agency: NLI
- Transcribing agency: NLI
110 ## - HEADING--CORPORATE NAME
- Corporate name or jurisdiction name as entry element: Orissa(India). Transport Department
- General subdivision: Finance
- Chronological subdivision: 2022-23
670 ## - SOURCE DATA FOUND
- Source citation: Work cat.: (NLI)1601767: 880-01, Report, 5th on scrutiny of demand for grants for the year, 2023-24 relating to Transport Department demand no.21 /, 2023.
